[Event "Top 12 FRA-chT 2017"]
[Site "Chartres"]
[Date "2017.05.26"]
[Round "9"]
[White "Kosteniuk, Alexandra"]
[Black "Grafl, Florian"]
[Result "1-0"]
[WhiteElo "2540"]
[BlackElo "2377"]
[Annotator "TA"]
[PlyCount "53"]
[EventDate "2017.??.??"]
[EventType "team-tourn"]
[EventCountry "FRA"]
[SourceTitle "playchess.com"]
[Source "ChessBase"]
[SourceQuality "1"]
[WhiteTeam "Clichy"]
[BlackTeam "Saint Quentin"]

{[%evp 19,53,32,77,70,88,87,194,194,200,196,206,197,300,306,314,320,332,342,373,364,422,443,497,481,499,452,546,537,816,806,841,767,1728,1623,1537,1206]} 1. e4 d6 2. d4 Nf6 3. Nc3 e5 4. dxe5 dxe5 5. Qxd8+ Kxd8 6. Bc4 Ke8 7. Nf3 Bd6 8. Bg5 Nbd7 9. O-O-O {B07: Pirc Defence: Miscellaneous Systems} a6 10. a4 b6 {LiveBook: 5 Games} 11. Bxf6 {White is better.} gxf6 $146 ({Predecessor:} 11... Nxf6 12. Ng5 Rf8 13. Nd5 Be6 14. Nxb6 Rb8 15. Nd5 Bxd5 16. Bxd5 Ke7 {1-0 (44) Stevic,H (2596)-Kadric,D (2493) Sarajevo 2015}) 12. Nh4 {Threatens to win with Nf5.} Bc5 {[#]} (12... Ra7 $16 {was necessary.}) 13. Bd5 $1 $18 {[%cal Rd5a8]} Ra7 {[#]} 14. Bc6 $1 Bxf2 15. Nf5 {Black must now prevent Nd5.} Bc5 (15... Bd4 {was worth a try.} 16. Nxd4 exd4 17. Rxd4 Ke7) 16. Nd5 Bd6 {[#]} 17. Nxb6 $1 {[%mdl 512]} cxb6 18. Rxd6 ({Don't play} 18. Nxd6+ Ke7 $18) 18... Rg8 19. g3 {[%cal Bg2g3,Bg3g4,Bg4g5,Bg5f6][%mdl 32]} Rg5 20. Rhd1 {White is clearly winning.} Rxf5 21. exf5 Ke7 22. b4 {[%cal Bb2b4,Bb4b5][%mdl 32]} Rc7 23. g4 a5 24. b5 Nc5 {[#]} 25. g5 $1 Bd7 (25... fxg5 26. f6+) 26. gxf6+ Ke8 27. Rg1 {Precision: White = 100%, Black = 23%.} 1-0

[Event "Top 12 FRA-chT 2017"]
[Site "Chartres"]
[Date "2017.05.26"]
[Round "9"]
[White "Shchekachev, Andrei"]
[Black "Sebag, Marie"]
[Result "1/2-1/2"]
[WhiteElo "2538"]
[BlackElo "2488"]
[Annotator "TA"]
[PlyCount "44"]
[EventDate "2017.??.??"]
[EventType "team-tourn"]
[EventCountry "FRA"]
[SourceTitle "playchess.com"]
[Source "ChessBase"]
[SourceQuality "1"]
[WhiteTeam "Tremblay-En-France"]
[BlackTeam "Strasbourg"]

{[%evp 31,33,23,37,0]} 1. Nf3 d5 2. d4 Nf6 3. c4 c6 4. Nc3 dxc4 5. a4 Bf5 {[%cal Bc8f5,Bf5g6,Bg6h5][%mdl 32]} 6. e3 e6 7. Bxc4 Bb4 8. O-O Nbd7 9. Qe2 O-O 10. e4 Bg6 11. Bd3 Bh5 12. e5 Nd5 13. Nxd5 cxd5 14. Qe3 Be7 15. Ng5 {D19: Slav Defence: 5 a4 Bf5 6 e3: Main line with 9 Qe2} Bxg5 16. Qxg5 Bg6 {LiveBook: 45 Games} 17. Qxd8 {[#]} {Predecessor:} Rfxd8 $146 18. Be2 Nb8 19. Bd2 Nc6 20. Bc3 f6 21. exf6 gxf6 22. a5 a6 {½-½ (67) Onischuk,A (2665)-Akopian,V (2660) Tsaghkadzor 2015} 1/2-1/2

[Event "Top 12 FRA-chT 2017"]
[Site "Chartres"]
[Date "2017.05.26"]
[Round "9"]
[White "Nataf, Igor-Alexandre"]
[Black "Jobava, Baadur"]
[Result "1/2-1/2"]
[WhiteElo "2535"]
[BlackElo "2713"]
[Annotator "TA"]
[PlyCount "33"]
[EventDate "2017.??.??"]
[EventType "team-tourn"]
[EventCountry "FRA"]
[SourceTitle "playchess.com"]
[Source "ChessBase"]
[SourceQuality "1"]
[WhiteTeam "Strasbourg"]
[BlackTeam "Tremblay-En-France"]

{[%evp 20,33,17,8,52,32,46,10,10,6,8,7,10,7,10,13]} 1. e4 e5 2. Nf3 Nf6 3. Nxe5 d6 4. Nf3 Nxe4 5. d4 d5 6. Bd3 Bd6 7. O-O O-O 8. c4 c6 9. Nc3 Nxc3 10. bxc3 dxc4 11. Bxc4 {LiveBook: 142 Games} h6 {C42: Petroff Defence: 3 Nxe5 and unusual White 3rd moves} (11... Bf5 12. Ne5 Bxe5 13. dxe5 Qe7 14. Re1 Nd7 15. Qf3 g6 16. Qg3 Rfe8 17. Bf4 Qc5 18. Bb3 a5 19. a4 b5 {1-0 (50) Vachier Lagrave,M (2796)-Li,C (2720) Sharjah 2017}) 12. Qc2 {[#] Black must now prevent Bxh6!} Qf6 $146 ({Predecessor:} 12... Re8 13. Bxh6 Be6 14. Ng5 Qf6 15. Qh7+ Kf8 16. Nxe6+ fxe6 17. Bd2 Nd7 18. Rae1 Kf7 19. Qh5+ {1-0 (27) Cukrowski,F (1854)-Eggink,M (1756) Polanica Zdroj 2009}) 13. Re1 Bf5 {The position is equal.} 14. Bd3 Bxd3 15. Qxd3 Nd7 16. a4 Rfe8 17. Bd2 1/2-1/2

[Event "Top 12 FRA-chT 2017"]
[Site "Chartres"]
[Date "2017.05.26"]
[Round "9"]
[White "Bailet, Pierre"]
[Black "Gajewski, Grzegorz"]
[Result "1/2-1/2"]
[WhiteElo "2519"]
[BlackElo "2634"]
[Annotator "TA"]
[PlyCount "40"]
[EventDate "2017.??.??"]
[EventType "team-tourn"]
[EventCountry "FRA"]
[SourceTitle "playchess.com"]
[Source "ChessBase"]
[SourceQuality "1"]
[WhiteTeam "Vandoeuvre"]
[BlackTeam "Mulhouse Philidor"]

{[%evp 23,40,25,29,21,13,10,22,2,6,14,6,6,8,12,12,6,4,6,18]} 1. e4 c5 2. Nf3 e6 3. d4 cxd4 4. Nxd4 Nc6 5. Nc3 Qc7 6. Be3 a6 7. Bd3 Nf6 8. O-O Nxd4 9. Bxd4 Bc5 10. Be2 {B48: Sicilian: Taimanov: 5 Nc3 Qc7 6 Be3 a6 without Be2} e5 11. Bxc5 Qxc5 12. Qd3 b5 {LiveBook: 4 Games} 13. b4 (13. Rad1 Bb7 14. a3 O-O 15. Bf3 Rac8 16. Rd2 b4 17. axb4 Qxb4 {½-½ (52) Balogh,C (2659)-Safarli,E (2657) Baku 2015}) 13... Qxb4 {The position is equal.} 14. a4 Bb7 15. axb5 axb5 (15... Rc8 $5 {[%cal Rc8c3]} 16. Nd5 Bxd5 17. exd5 axb5 $11) 16. Rxa8+ ({Much weaker is} 16. Nxb5 O-O $15) 16... Bxa8 17. Rb1 Qd4 18. Qxd4 exd4 19. Nxb5 Bxe4 20. Nxd4 O-O $146 1/2-1/2

[Event "Top 12 FRA-chT 2017"]
[Site "Chartres"]
[Date "2017.05.26"]
[Round "9"]
[White "Sokolov, Andrei"]
[Black "Hamitevici, Vladimir"]
[Result "1/2-1/2"]
[WhiteElo "2519"]
[BlackElo "2487"]
[Annotator "TA"]
[PlyCount "92"]
[EventDate "2017.??.??"]
[EventType "team-tourn"]
[EventCountry "FRA"]
[SourceTitle "playchess.com"]
[Source "ChessBase"]
[SourceQuality "1"]
[WhiteTeam "Mulhouse Philidor"]
[BlackTeam "Vandoeuvre"]

{[%evp 17,92,0,0,-5,-14,-3,-5,-19,14,-29,-41,-49,-58,-62,-39,-34,-50,-96,-34,-29,-25,-47,-38,-46,-38,-50,-27,-54,-54,-57,-38,-53,-17,-60,-50,-49,-53,-69,-44,-68,-54,-55,-55,-104,-45,-77,-23,-23,-23,-24,-29,-45,-45,-61,-61,-67,-68,-92,5,5,5,0,6,0,0,0,8,0,0,0,0,0,0,0,0,0,760]} 1. e4 g6 2. d4 Bg7 3. Nc3 c6 4. h3 d6 5. Be3 b5 6. Nf3 Nd7 {B06: Modern Defence} 7. Qd2 Qc7 8. Bd3 Bb7 9. O-O Ngf6 {LiveBook: 22 Games} 10. Ne2 c5 $1 {[%cal Rc5c4]} 11. dxc5 $146 ({Predecessor:} 11. e5 c4 12. exf6 Nxf6 13. Ng3 cxd3 14. Qxd3 Bxf3 15. gxf3 {0-1 (27) Schneider,V (2307)-Bachmann,A (2598) Dubai 2014}) 11... dxc5 {[%cal Bd6c5,Bc5c4][%mdl 32] Strongly threatening ...c4.} 12. Bxb5 {[#] And now Bf4 would win.} (12. e5 $5 Ne4 13. Bxe4 Bxe4 14. Ng5 Qxe5 15. Bf4 $11) 12... Nxe4 13. Qd3 (13. Qxd7+ $5 Qxd7 14. Bxd7+ Kxd7 15. Rfd1+ Kc7 16. Bf4+ Nd6 17. Ne5 $11) 13... Rd8 14. Rad1 {Threatening Bf4.} O-O {Threatens to win with ...Ne5.} 15. Bxd7 c4 $1 {[%cal Rc4d3]} 16. Qa3 Rxd7 17. Qxa7 Rxd1 (17... Nd6 $17 18. Bf4 Ra8) 18. Rxd1 $15 Bxb2 19. Qb6 Qxb6 20. Bxb6 Bc6 21. Nd2 Bf6 22. Nxe4 Bxe4 23. c3 Bc2 24. Rd7 e5 25. Bc5 Rb8 26. Bb4 Rd8 27. Rd6 Bg5 28. Ng3 Ra8 29. Rc6 f5 30. a3 Bc1 (30... Rd8 $17 31. Rc5 f4) 31. Nf1 Rd8 ({Better is} 31... Bxa3 $17 32. Ne3 Be4) 32. Rd6 $11 Rxd6 33. Bxd6 {[%mdl 4096] Endgame KBB-KBN} e4 {White must now prevent ...f4.} 34. Ne3 Bb3 35. a4 Bxa4 36. Nxc4 Kf7 37. Ne3 g5 ({Black should try} 37... Ke6 $17 38. Bf4 Bb2) 38. Nxf5 {The position is equal.} Ke6 39. g4 h5 40. Bc5 hxg4 41. hxg4 Bd2 42. Be3 Bxc3 43. Bxg5 Bd1 44. Ne3 Bxg4 45. Nxg4 Kf5 46. Nf6 Ke5 $2 {[%mdl 40960] Precision: White = 31%, Black = 52%. . An unexpected result.} (46... Bxf6 $11 47. Bxf6 Kxf6) 1/2-1/2

[Event "Top 12 FRA-chT 2017"]
[Site "Chartres"]
[Date "2017.05.26"]
[Round "9"]
[White "Apicella, Manuel"]
[Black "Edouard, Romain"]
[Result "1/2-1/2"]
[WhiteElo "2515"]
[BlackElo "2640"]
[Annotator "TA"]
[PlyCount "58"]
[EventDate "2017.??.??"]
[EventType "team-tourn"]
[EventCountry "FRA"]
[SourceTitle "playchess.com"]
[Source "ChessBase"]
[SourceQuality "1"]
[WhiteTeam "Grasse Echecs"]
[BlackTeam "Bischwiller"]

{[%evp 14,58,4,2,25,0,18,11,15,0,17,0,6,0,28,43,38,31,33,33,38,0,3,-22,0,-11,0,0,0,0,0,0,7,-38,0,-53,-61,-61,-54,-53,-26,-21,-22,-19,77,0,41]} 1. d4 Nf6 2. Nf3 c5 3. d5 b5 4. a4 b4 5. Bg5 d6 6. Bxf6 {A43: Schmid Benoni} exf6 7. Nbd2 g6 8. e4 {LiveBook: 4 Games} Bh6 $146 ({Predecessor:} 8... Bg7 9. Bb5+ Kf8 10. Nc4 a6 11. Bc6 Ra7 12. O-O Qc7 13. c3 Nxc6 14. dxc6 Qxc6 15. cxb4 {0-1 (21) Relange,E (2490)-Vaisser,A (2575) Bastia 1998}) 9. Bb5+ Kf8 10. O-O Kg7 11. Re1 Bg4 12. Nf1 a6 13. Bd3 Bf4 14. h3 Bxf3 15. Qxf3 Be5 16. Rab1 Nd7 17. Ne3 h5 18. h4 Bd4 (18... f5 $5) 19. Qg3 {Hoping for Nf5+.} Ne5 (19... Bxe3 $5 20. Qxe3 Ne5 $11) 20. Nf5+ Kf8 21. Nxd4 cxd4 22. Rbd1 Qd7 23. b3 Qg4 24. Be2 (24. a5 $11) 24... Qxg3 $1 $15 25. fxg3 a5 $1 26. Rxd4 Rc8 27. c4 bxc3 28. Rc1 g5 (28... Kg7 $11) 29. Kf2 ({White should try} 29. b4 $16) 29... Ke7 {Precision: White = 26%, Black = 32%.} 1/2-1/2

[Event "Top 12 FRA-chT 2017"]
[Site "Chartres"]
[Date "2017.05.26"]
[Round "9"]
[White "Vernay, Clovis"]
[Black "Moucheroud, Jeremy"]
[Result "1/2-1/2"]
[WhiteElo "2501"]
[BlackElo "2197"]
[Annotator "TA"]
[PlyCount "57"]
[EventDate "2017.??.??"]
[EventType "team-tourn"]
[EventCountry "FRA"]
[SourceTitle "playchess.com"]
[Source "ChessBase"]
[SourceQuality "1"]
[WhiteTeam "Bois-Colombes"]
[BlackTeam "Montpellier"]

{[%evp 22,57,0,0,56,48,52,47,56,44,47,56,26,0,37,37,35,26,51,36,87,36,40,25,26,16,27,21,16,0,0,0,853,831,29991,29992,29993,29994]} 1. d4 d5 2. c4 e6 3. Nc3 c6 4. e3 Nf6 5. Nf3 Nbd7 6. Bd3 dxc4 7. Bxc4 b5 8. Bd3 Bb7 9. O-O a6 10. e4 {[%cal Be3e4,Be4e5][%mdl 32]} c5 11. e5 Nd5 12. a4 {LiveBook: 6 Games. D48: Semi-Slav: Meran System: 7...b5 8 Bd3 a6} b4 (12... c4 $11 13. Be2 Be7) 13. Nxd5 $146 ({Predecessor:} 13. Ne4 cxd4 14. Bg5 Qb8 15. Re1 h6 16. Bh4 Nc5 17. Rc1 Nxe4 18. Bxe4 Be7 19. Bxd5 Bxd5 20. Bxe7 Kxe7 21. Qxd4 {½-½ (54) Dambacher,M (2425)-Stellwagen,D (2575) Netherlands 2006}) 13... Bxd5 14. Qe2 $1 {White is slightly better.} Qb6 15. Be4 Bxe4 16. Qxe4 Rc8 17. d5 Qb7 18. Qe2 {Threatens to win with Rd1.} Qxd5 19. Qxa6 Ra8 20. Qe2 Be7 {[#]} ({Black should try} 20... Qc6 $14) 21. Rd1 (21. Bg5 $1 $16) 21... Qc6 22. Bg5 Rxa4 23. Rac1 h6 24. Bxe7 Kxe7 25. Rd6 Qb7 26. Rcd1 $36 {[%mdl 2048] White has the initiative.} Nb8 $2 {[%mdl 8192] [#]} (26... Rd8 $11) 27. Qc4 $18 Ra5 28. Qh4+ f6 29. Qg4 {[%mdl 32768] Precision: White = 63%, Black = 48%. . An unexpected result.} 1/2-1/2

[Event "Top 12 FRA-chT 2017"]
[Site "Chartres"]
[Date "2017.05.26"]
[Round "9"]
[White "Shoker, Samy"]
[Black "Ouakhir, Pierre Mehdi"]
[Result "1-0"]
[WhiteElo "2498"]
[BlackElo "2277"]
[Annotator "TA"]
[PlyCount "51"]
[EventDate "2017.??.??"]
[EventType "team-tourn"]
[EventCountry "FRA"]
[SourceTitle "playchess.com"]
[Source "ChessBase"]
[SourceQuality "1"]
[WhiteTeam "Bois-Colombes"]
[BlackTeam "Montpellier"]

{[%evp 16,51,30,28,37,39,54,37,45,39,70,55,66,16,14,24,56,47,80,44,55,50,41,50,93,87,102,91,88,81,70,48,117,140,329,323,295,0]} 1. Nf3 d5 2. c4 c6 3. g3 Nf6 4. Bg2 e6 5. b3 Nbd7 6. Bb2 Bd6 7. O-O O-O 8. Nc3 Re8 9. d4 dxc4 {E01: Catalan: Early deviations} 10. bxc4 {[%cal Bb3c4,Bc4c5][%mdl 32]} e5 11. e3 exd4 {White is slightly better.} 12. exd4 b6 $146 ({Predecessor:} 12... Nf8 13. Qb3 Be6 14. Ng5 h6 15. Nge4 N8h7 16. d5 cxd5 17. cxd5 {1-0 (27) Markus,R (2586)-Pap,G (2427) Hungary 2007}) 13. Ng5 Bb7 14. c5 Be7 15. Qb3 Rf8 16. Rfe1 Rb8 17. cxb6 axb6 18. Rad1 Nd5 19. Nxd5 Bxg5 20. Nb4 Qc7 21. d5 cxd5 22. Nxd5 Bxd5 23. Bxd5 Nc5 (23... Bf6 $14) 24. Qc4 $16 {Qg4 is the strong threat.} h5 $2 {[#]} (24... Rfe8 $16 25. h4 Bf6 26. Bxf6 gxf6) 25. Be5 $18 Qa7 26. Bb2 $2 {[%mdl 32768] Precision: White = 51%, Black = 39%. . Loss on Time!?} (26. h4 $18 Bf6 27. Bxf6 gxf6 28. Qf4) 1-0

[Event "Top 12 FRA-chT 2017"]
[Site "Chartres"]
[Date "2017.05.26"]
[Round "9"]
[White "Riff, Jean-Noel"]
[Black "Iglesias, Joachim"]
[Result "1-0"]
[WhiteElo "2476"]
[BlackElo "2258"]
[Annotator "TA"]
[PlyCount "129"]
[EventDate "2017.??.??"]
[EventType "team-tourn"]
[EventCountry "FRA"]
[SourceTitle "playchess.com"]
[Source "ChessBase"]
[SourceQuality "1"]
[WhiteTeam "Mulhouse Philidor"]
[BlackTeam "Vandoeuvre"]

{[%evp 14,129,25,35,43,31,41,39,39,34,39,37,83,79,87,101,104,91,85,54,58,55,45,62,60,56,52,58,153,146,153,154,146,140,162,162,162,160,187,180,183,168,191,184,181,102,97,54,75,81,86,0,0,0,0,0,0,5,5,0,12,12,12,12,23,23,23,23,38,0,0,0,38,38,79,79,79,79,79,53,79,79,79,79,79,79,79,79,79,79,12838,12838,12841,12841,12841,12842,12850,12851,12851,12851,12851,12851,12851,12851,12851,12851,12851,12851,12851,12851,12851,12851,12851,12851,12851,29978,12851,29989]} 1. e4 d6 2. d4 Nf6 3. Nc3 e5 4. Nf3 Nbd7 5. Bc4 Be7 6. a4 O-O 7. O-O a5 8. h3 {LiveBook: 81 Games. C41: Philidor Defence} b6 9. Qe2 Bb7 10. Rd1 {White is slightly better.} Qc8 11. Bg5 $146 ({Predecessor:} 11. dxe5 Nxe5 12. Nxe5 dxe5 13. Bg5 h6 14. Bxf6 Bxf6 15. Nb5 Ba6 {0-1 (33) Sutovsky,E (2625)-Markus,R (2652) Novi Sad 2016}) 11... h6 12. Bh4 Re8 13. dxe5 $1 Nxe5 14. Nxe5 dxe5 15. Bxf6 Bxf6 16. Qh5 Rf8 17. Rd3 Qe8 $1 18. Rad1 Rd8 19. Rxd8 Bxd8 20. Qf5 $36 {[%mdl 2048] White has the initiative.} c6 (20... Qe7 $14) 21. Qd7 $1 $16 {[%cal Rd7b7]} Qxd7 22. Rxd7 Bc8 {[#]} 23. Bxf7+ $1 {[%mdl 512]} Kh7 (23... Rxf7 24. Rxd8+) 24. Ra7 b5 25. axb5 Bb6 26. Re7 cxb5 27. Nxb5 Ba6 28. Nc3 Bd4 29. Nd5 ({Better is} 29. Nd1 $18) 29... Bxb2 30. Be6 Bc8 31. Bxc8 Rxc8 {[%mdl 4096] Endgame [#] KRB-KRN} 32. Ra7 (32. c3 $1 $16) 32... Bd4 $11 33. Rxa5 {aiming for c3.} Rxc2 34. Ne3 Bxe3 35. fxe3 {KR-KR} Re2 36. Rxe5 Kg6 37. Kf1 Rxe3 38. Kf2 Ra3 39. Rf5 h5 40. h4 Kh6 41. g3 g6 42. Rf7 (42. Rf3 $5 {[%cal Rf3a3]} Ra6 43. e5 $16) 42... Ra5 43. Kf3 Rc5 44. Rd7 Ra5 45. Kf4 Ra4 46. Rf7 Rc4 47. Ra7 Rb4 48. Rc7 Ra4 49. Rc3 Kg7 50. Rd3 Kf6 51. Rd6+ Kf7 $2 {[%mdl 8192] [#]} (51... Kg7 $16 52. Kg5 Ra5+ 53. Rd5 Ra7) 52. Kg5 $1 $18 Ra3 53. Rf6+ Ke7 54. Rxg6 Rxg3+ 55. Kxh5 Re3 56. Rg4 Kf6 57. Kh6 Re1 58. h5 {[%cal Bh4h5,Bh5h6,Bh6h7][%mdl 32]} Rh1 59. Rg5 Ra1 60. Rf5+ Ke6 61. Kg6 Ra8 62. h6 Rg8+ 63. Kh5 Rg2 64. h7 Rg1 65. Kh6 {Precision: White = 68%, Black = 51%.} 1-0

[Event "Top 12 FRA-chT 2017"]
[Site "Chartres"]
[Date "2017.05.26"]
[Round "9"]
[White "Sulava, Nenad"]
[Black "Marchadour, Emilie"]
[Result "1-0"]
[WhiteElo "2468"]
[BlackElo "2097"]
[Annotator "TA"]
[PlyCount "63"]
[EventDate "2017.??.??"]
[EventType "team-tourn"]
[EventCountry "FRA"]
[SourceTitle "playchess.com"]
[Source "ChessBase"]
[SourceQuality "1"]
[WhiteTeam "Nice Alekhine"]
[BlackTeam "Lisieux"]

{[%evp 54,63,158,120,220,210,204,215,204,208,1017,1004]} 1. Nf3 Nf6 2. g3 g6 3. b3 Bg7 4. Bb2 d5 5. c4 c6 6. Bg2 O-O 7. O-O Re8 8. d4 Bg4 {D78: Fianchetto Grünfeld: 6 0-0 c6} (8... Ne4 9. Nbd2 Bf5 10. Nh4 Nxd2 11. Qxd2 Be6 12. Rac1 a5 13. e4 a4 14. Rfe1 axb3 15. axb3 Ra2 16. exd5 cxd5 17. Rxe6 fxe6 {0-1 (34) Aronian,L (2785)-Mamedyarov,S (2768) Doha 2016}) 9. Ne5 Qc8 $146 ({Predecessor:} 9... Be6 10. Nd2 Nfd7 11. Nd3 dxc4 12. Nxc4 Bxc4 13. bxc4 Nb6 14. Qb3 Qc7 15. Bc3 N8d7 16. f4 {1-0 (36) Farley,T (2247)-Warner,D (2241) Bridgetown 2011}) 10. Re1 Bh3 11. Bh1 Nbd7 12. Nc3 Nxe5 13. dxe5 Ng4 14. cxd5 Qf5 15. f3 Qxe5 16. e3 Nxe3 17. Qd2 Qd4 18. Qxe3 Qxe3+ 19. Rxe3 Bd4 20. Kf2 cxd5 21. Rd1 Bxe3+ 22. Kxe3 Rac8 23. Rxd5 Rc6 24. f4 Rec8 25. Kd2 Be6 26. Rd4 R6c7 27. Be4 a6 28. h4 h5 (28... b5 $16 29. Nd5 Rd7) 29. Nd5 $18 Bxd5 30. Rxd5 b5 31. f5 {[%cal Bf4f5,Bf5g6][%mdl 32]} Kh7 $2 {[#]} (31... gxf5 32. Rxf5 Rc5 33. Rxc5 Rxc5) 32. fxg6+ 1-0

[Event "Top 12 FRA-chT 2017"]
[Site "Chartres"]
[Date "2017.05.26"]
[Round "9"]
[White "Brochet, Philippe"]
[Black "Miton, Kamil"]
[Result "*"]
[WhiteElo "2409"]
[BlackElo "2618"]
[Annotator "TA"]
[PlyCount "24"]
[EventDate "2017.??.??"]
[EventType "team-tourn"]
[EventCountry "FRA"]
[SourceTitle "playchess.com"]
[Source "ChessBase"]
[SourceQuality "1"]
[WhiteTeam "Montpellier"]
[BlackTeam "Bois-Colombes"]

{[%evp 11,24,20,54,-3,122,-26,24,-27,50,-82,12,-106,-25,-110,13]} 1. e4 c5 2. Nc3 Nc6 3. Bb5 Nd4 4. Nf3 a6 5. Bd3 e6 6. O-O d6 {LiveBook: 7 Games} 7. Re1 {B30: Sicilian: 2...Nc6 3 Bb5, lines without ...g6} ({White should try} 7. Nxd4 $14 cxd4 8. Ne2) (7. Nxd4 cxd4 8. Ne2 Qb6 9. a4 Ne7 10. a5 Qa7 11. c3 Nc6 12. Bc2 dxc3 13. dxc3 b5 14. axb6 Qxb6 15. Nd4 Bd7 16. Ba4 Be7 17. Nxc6 Bxc6 18. Qd4 {1-0 (18) Becerra Rivero,J (2549)-Vucic,M (2332) Philadelphia 2011}) 7... g5 $146 (7... Nxf3+ $11 8. Qxf3 Ne7) ({Predecessor:} 7... Nc6 8. b3 Nf6 9. Bb2 Be7 10. e5 dxe5 11. Nxe5 Nxe5 12. Rxe5 h6 13. Qf3 Qc7 14. Rae1 Bd7 {1-0 (44) Huisman,C (1944)-Fesselier,M (1981) Lyon 2015}) 8. b3 (8. Nxd4 $16 {Strongly threatening Nde2.} cxd4 9. Ne2) 8... Bg7 (8... Nc6 $5 {[%cal Rg5g4]} 9. h3 h5 $15) 9. Bb2 (9. Nxd4 $142 Bxd4 10. Bb2) 9... h6 ({Better is} 9... Nc6 $1 $11 10. g3 g4) 10. Qc1 (10. Nxd4 $14 {stays ahead.} Bxd4 11. Na4) 10... Ne7 (10... Nxf3+ $17 11. gxf3 Nf6) 11. Nd1 (11. Nxd4 $11 cxd4 12. Ne2) 11... e5 ({Black should play} 11... Nxf3+ $17 12. gxf3 e5) 12. Ne3 (12. Nxd4 $1 $11 {keeps the balance.} cxd4 13. c3) 12... Ng6 {Precision: White =  0%, Black =  0%.} (12... Nxf3+ $17 13. gxf3 Ng6) *

[Event "Top 12 FRA-chT 2017"]
[Site "Chartres"]
[Date "2017.05.26"]
[Round "9"]
[White "Vitoux, Colomban"]
[Black "Bellahcene, Bilel"]
[Result "0-1"]
[WhiteElo "2382"]
[BlackElo "2452"]
[Annotator "TA"]
[PlyCount "76"]
[EventDate "2017.??.??"]
[EventType "team-tourn"]
[EventCountry "FRA"]
[SourceTitle "playchess.com"]
[Source "ChessBase"]
[SourceQuality "1"]
[WhiteTeam "Strasbourg"]
[BlackTeam "Tremblay-En-France"]

{[%evp 15,76,0,0,0,15,12,39,27,31,10,14,7,8,4,25,26,63,49,55,51,41,24,14,24,9,8,4,0,0,-17,-12,-49,8,1,6,9,38,-37,-16,-61,13,-19,68,-63,71,0,167,153,128,0,0,0,0,-47,-52,-275,-251,-270,-254,-385,-289,-693,-692]} 1. Nf3 d5 2. g3 g6 3. Bg2 Bg7 4. O-O e5 5. d3 Ne7 6. e4 O-O 7. c3 {A07: Réti Opening: New York and Capablanca Systems} (7. exd5 Nxd5 8. Re1 Nc6 9. Nc3 Nde7 10. Rb1 a5 11. a3 Nf5 12. b4 axb4 13. axb4 Nfd4 14. Nd2 Be6 15. b5 Na5 16. Nde4 Qc8 17. Bg5 {½-½ (48) Ding,L (2760)-Hammer,J (2628) Sharjah 2017}) 7... Nbc6 8. b4 a6 {LiveBook: 3 Games} 9. Qc2 {The position is equal.} h6 10. Nbd2 {[%cal Bb1d2,Bd2b3,Bb3c5][%mdl 32]} Be6 11. Bb2 $146 ({Predecessor:} 11. a4 f5 12. Bb2 Bf7 13. b5 Na5 14. exf5 Nxf5 15. c4 dxc4 16. dxc4 Nd4 17. Nxd4 exd4 {1-0 (47) Berry,S-Richardson,K England 1994}) 11... Qd7 12. a3 Rad8 13. Rfe1 g5 14. exd5 Nxd5 15. Nb3 {[#] And now Nc5 would win.} Qc8 16. Nc5 {aiming for c4.} Bh3 17. Bxh3 $1 Qxh3 18. Qe2 (18. Nxb7 {is more complex.} Rb8 19. Nc5 Nf4 20. gxf4 Qg4+ 21. Kf1) 18... Qc8 19. c4 Nb6 $1 20. Rad1 ({Much weaker is} 20. Nxe5 Rde8 $15) 20... Rfe8 21. Ba1 Nd7 {[%cal Bb6d7,Bd7f8,Bf8g6][%mdl 32]} 22. Nb3 Nf8 23. b5 Nb8 (23... Nd4 $15 24. Nfxd4 exd4) 24. a4 $36 {[%mdl 2048] Black is under pressure.} (24. Bxe5 $2 f6 $19) 24... Ng6 25. Nfd2 c6 26. bxa6 ({White should play} 26. b6 $14) 26... Nxa6 $15 27. Bc3 f5 ({Better is} 27... Nf4 $15 28. gxf4 exf4) 28. Qh5 Rd6 (28... Qe6 $11) 29. Nf3 (29. c5 $14 Rde6 30. Nc4) 29... Rde6 {[#]} (29... c5 $1 $15) 30. d4 $1 $16 exd4 $2 (30... e4 $1 $11 31. d5 cxd5) 31. Nbxd4 $18 ({But not} 31. Nfxd4 Rxe1+ 32. Bxe1 Nf8 $16) 31... Rxe1+ 32. Rxe1 (32. Nxe1 $16 Nf8 33. Ng2) 32... Rxe1+ $11 33. Nxe1 Qe8 {...Bxd4 is the strong threat.} 34. Nef3 Qf7 35. g4 $2 (35. Ne2 $15) 35... Nf4 $19 36. Qxf7+ Kxf7 37. gxf5 (37. Kf1 $142 fxg4 38. Nd2) 37... g4 38. Ne6 $2 (38. Nxc6 Ne2+ 39. Kf1 Nxc3 40. Nfe5+ Kf6 41. Nxg4+ Kg5 42. f6 Bxf6 43. Nce5) 38... Bxc3 {Precision: White = 33%, Black = 48%.} 0-1